000
00313nam a2200121Ia 4500
005
20251222144858.0
008
251222s9999||||xx |||||||||||||| ||spa||
082
_a
730.098.313/M98
245
0
_a
Tesoros de San Pedro de Atacama
250
_a
1ra. ed.
264
_b
Museo Chileno de Arte Precolombino
942
_c
LIB
999
_c
21851
_d
21851